| 000 | 00542cam a22002291 4500 | ||
|---|---|---|---|
| 001 | sa 64003588 | ||
| 003 | DLC | ||
| 005 | 20260227112018.0 | ||
| 008 | 950705s1961 ii 000 0 urdo | ||
| 010 | _asa 64003588 | ||
| 025 | _aPL480:P-U-117 | ||
| 035 | _a(OCoLC)32765570 | ||
| 040 |
_aDLC _cCU _dCU _dDLC |
||
| 042 | _apremarc | ||
| 050 | 0 | 0 |
_aPK2200.C5 _bB6 |
| 100 | 1 | _aChandar, Krishan. | |
| 245 | 1 | 0 | _aBūrban klab. |
| 260 | _c[1961?] | ||
| 300 |
_a160 p. _c19 cm. |
||
| 500 | _aIn Urdu. | ||
| 500 | _aText partially vocalized. | ||
| 999 |
_c58011 _d58011 |
||